| 000 | 00526nam a2200181 a 4500 | ||
|---|---|---|---|
| 001 | 5856 | ||
| 003 | CDMR | ||
| 005 | 20151019135402.0 | ||
| 008 | 130220s2006||||||||||||||||||||||||||||d | ||
| 040 |
_aCDMR _bcat _cCDMR |
||
| 100 | 1 |
_aStuven, Hugo _92881 |
|
| 245 | 1 | 0 |
_aQuién te ha visto y quién t.ve _b: historias de mi tele _cHugo Stuven |
| 260 |
_aMadrid _bEspejo de tinta _c2006 |
||
| 300 |
_a286 p. ; _c23 cm |
||
| 650 | 0 | 4 |
_93074 _aPeriodistes _vBiografia |
| 610 | 2 |
_92814 _aTelevisión Española _xAnècdotes |
|
| 942 |
_cMON _2udc |
||
| 999 |
_c5856 _d5856 |
||